[Event "Cannes - Festival International des Jeux"]
[Date "2026.02.23"]
[White "Adhiban, B."]
[Black "Thibous, Mathis"]
[WhiteElo "2557"]
[BlackElo "2227"]
[Round "1.1.1"]
[Result "1-0"]

d4 {[%emt 00:00:24] [%clk 01:30:35]} d6 {[%emt 00:04:44] [%clk 01:26:16]} e4
{[%emt 00:00:16] [%clk 01:30:50]} g6 {[%emt 00:00:05] [%clk 01:26:40]} Nf3
{[%emt 00:01:53] [%clk 01:29:28]} Bg7 {[%emt 00:00:04] [%clk 01:27:06]} Be3
{[%emt 00:00:03] [%clk 01:29:55]} Nf6 {[%emt 00:03:45] [%clk 01:23:51]} Nc3
{[%emt 00:00:03] [%clk 01:30:23]} a6 {[%emt 00:01:02] [%clk 01:23:20]} Qd2
{[%emt 00:01:17] [%clk 01:29:36]} h6 {[%emt 00:17:05] [%clk 01:06:45]} h3 {[%emt
00:02:24] [%clk 01:27:42]} e6 {[%emt 00:09:15] [%clk 00:58:01]} Bd3 {[%emt
00:04:52] [%clk 01:23:19]} b5 {[%emt 00:05:03] [%clk 00:53:28]} a4 {[%emt
00:13:55] [%clk 01:09:54]} b4 {[%emt 00:00:21] [%clk 00:53:37]} Ne2 {[%emt
00:00:02] [%clk 01:10:22]} a5 {[%emt 00:07:36] [%clk 00:46:31]} Ng3 {[%emt
00:00:13] [%clk 01:10:39]} Ba6 {[%emt 00:02:20] [%clk 00:44:42]} O-O {[%emt
00:00:18] [%clk 01:10:51]} Nbd7 {[%emt 00:06:58] [%clk 00:38:14]} Rad1 {[%emt
00:19:26] [%clk 00:51:55]} Bxd3 {[%emt 00:04:05] [%clk 00:34:39]} cxd3 {[%emt
00:00:05] [%clk 00:52:20]} Rc8 {[%emt 00:03:29] [%clk 00:31:40]} Rc1 {[%emt
00:02:37] [%clk 00:50:12]} Kf8 {[%emt 00:15:00] [%clk 00:17:11]} Rc6 {[%emt
00:03:03] [%clk 00:47:39]} Nb8 {[%emt 00:05:21] [%clk 00:12:20]} Rc4 {[%emt
00:00:29] [%clk 00:47:39]} Kg8 {[%emt 00:04:41] [%clk 00:08:09]} Rfc1 {[%emt
00:04:25] [%clk 00:43:44]} Kh7 {[%emt 00:02:07] [%clk 00:06:33]} Qc2 {[%emt
00:00:42] [%clk 00:43:31]} c6 {[%emt 00:01:34] [%clk 00:05:29]} e5 {[%emt
00:05:10] [%clk 00:38:51]} Nfd7 {[%emt 00:02:45] [%clk 00:03:14]} exd6 {[%emt
00:00:57] [%clk 00:38:24]} Nb6 {[%emt 00:00:37] [%clk 00:03:07]} Ne5 {[%emt
00:08:41] [%clk 00:30:13]} Nxc4 {[%emt 00:01:29] [%clk 00:02:08]} dxc4 {[%emt
00:00:02] [%clk 00:30:41]} Rf8 {[%emt 00:01:33] [%clk 00:01:05]} c5 {[%emt
00:00:32] [%clk 00:30:39]} Nd7 {[%emt 00:00:25] [%clk 00:01:10]} Bf4 {[%emt
00:09:59] [%clk 00:21:10]} Nxe5 {[%emt 00:00:58] [%clk 00:00:42]} Bxe5 {[%emt
00:00:17] [%clk 00:21:23]} f6 {[%emt 00:00:28] [%clk 00:00:44]} Bf4 {[%emt
00:00:07] [%clk 00:21:46]} e5 {[%emt 00:00:37] [%clk 00:00:37]} dxe5 {[%emt
00:01:48] [%clk 00:20:28]} fxe5 {[%clk 00:01:06]} Be3 {[%emt 00:00:01] [%clk
00:20:57]} Qd7 {[%emt 00:00:44] [%clk 00:00:51]} Ne4 {[%emt 00:00:16] [%clk
00:21:11]} Rce8 {[%emt 00:00:32] [%clk 00:00:49]} f3 {[%emt 00:00:51] [%clk
00:20:50]} Qe6 {[%emt 00:00:44] [%clk 00:00:35]} Rd1 {[%emt 00:01:51] [%clk
00:19:29]} Rf7 {[%emt 00:00:31] [%clk 00:00:34]} Nd2 {[%emt 00:01:33] [%clk
00:18:25]} Rb8 {[%emt 00:00:31] [%clk 00:00:33]} Qe4 {[%emt 00:07:02] [%clk
00:11:53]} Rc8 {[%emt 00:00:28] [%clk 00:00:35]} Nc4 {[%emt 00:00:24] [%clk
00:11:58]} Qf5 {[%emt 00:00:32] [%clk 00:00:34]} Nxa5 {[%emt 00:00:44] [%clk
00:11:44]} Qxe4 {[%emt 00:00:26] [%clk 00:00:37]} fxe4 {[%emt 00:00:03] [%clk
00:12:11]} Ra7 {[%emt 00:00:36] [%clk 00:00:32]} Nc4 {[%emt 00:03:16] [%clk
00:09:25]} Rd8 {[%emt 00:00:02] [%clk 00:00:59]} b3 {[%emt 00:00:20] [%clk
00:09:36]} Kg8 {[%emt 00:00:16] [%clk 00:01:14]} Bd2 {[%emt 00:00:30] [%clk
00:09:36]} Rb8 {[%emt 00:01:09] [%clk 00:00:35]} Nb6 {[%emt 00:00:58] [%clk
00:09:07]} Kf7 {[%emt 00:00:32] [%clk 00:00:33]} Bxb4 {[%emt 00:00:20] [%clk
00:09:18]} Ke6 {[%emt 00:00:07] [%clk 00:00:56]} d7 {[%emt 00:01:00] [%clk
00:08:48]} Ke7 {[%emt 00:01:51] [%clk 00:30:05]} Nc8+ {[%emt 00:00:11] [%clk
00:40:08]}

[Site "Europe Echecs"]

[Event "Cannes - Festival International des Jeux"]
[Date "2026.02.23"]
[White "Bonelli Maestracci, Pierre Joseph"]
[Black "Laurent-Paoli, Pierre"]
[WhiteElo "2195"]
[BlackElo "2539"]
[Round "1.1.2"]
[Result "0-1"]

e4 {[%emt 00:00:02] [%clk 01:30:57]} c6 {[%emt 00:01:38] [%clk 01:29:23]} d4
{[%emt 00:00:06] [%clk 01:31:20]} d5 {[%emt 00:00:04] [%clk 01:29:48]} Nc3
{[%emt 00:00:04] [%clk 01:31:47]} dxe4 {[%emt 00:00:46] [%clk 01:29:32]} Nxe4
{[%emt 00:00:07] [%clk 01:32:09]} Nf6 {[%emt 00:00:32] [%clk 01:29:31]} Nxf6+
{[%emt 00:00:04] [%clk 01:32:35]} exf6 {[%emt 00:00:05] [%clk 01:29:56]} Bc4
{[%emt 00:00:03] [%clk 01:33:01]} Na6 {[%emt 00:01:25] [%clk 01:29:00]} Ne2
{[%emt 00:04:50] [%clk 01:28:41]} Bd6 {[%emt 00:00:21] [%clk 01:29:09]} O-O
{[%emt 00:00:38] [%clk 01:28:33]} Nc7 {[%emt 00:02:36] [%clk 01:27:04]} Bf4
{[%emt 00:00:54] [%clk 01:28:09]} O-O {[%emt 00:00:13] [%clk 01:27:20]} Qd2
{[%emt 00:02:53] [%clk 01:25:46]} Be6 {[%emt 00:18:33] [%clk 01:09:17]} Bxe6
{[%emt 00:04:02] [%clk 01:22:14]} Nxe6 {[%emt 00:00:09] [%clk 01:09:39]} Bxd6
{[%emt 00:04:09] [%clk 01:18:34]} Qxd6 {[%emt 00:00:05] [%clk 01:10:05]} Rad1
{[%emt 00:03:12] [%clk 01:15:50]} Rad8 {[%emt 00:01:56] [%clk 01:08:41]} c3
{[%emt 00:04:37] [%clk 01:11:43]} Rfe8 {[%emt 00:07:09] [%clk 01:02:02]} Rfe1
{[%emt 00:07:10] [%clk 01:05:03]} g6 {[%emt 00:06:15] [%clk 00:56:17]} Nc1
{[%emt 00:11:27] [%clk 00:54:06]} Qd5 {[%emt 00:13:33] [%clk 00:43:15]} Qc2
{[%emt 00:10:17] [%clk 00:44:18]} c5 {[%emt 00:09:49] [%clk 00:33:55]} dxc5
{[%emt 00:01:39] [%clk 00:43:10]} Nf4 {[%emt 00:00:44] [%clk 00:33:41]} Rxe8+
{[%emt 00:01:46] [%clk 00:41:55]} Rxe8 {[%emt 00:00:25] [%clk 00:33:46]} f3
{[%emt 00:00:08] [%clk 00:42:16]} Qxc5+ {[%emt 00:00:54] [%clk 00:33:22]} Qf2
{[%emt 00:04:38] [%clk 00:38:07]} Qf5 {[%emt 00:03:34] [%clk 00:30:18]} Qd2
{[%emt 00:04:54] [%clk 00:33:43]} h5 {[%emt 00:04:14] [%clk 00:26:34]} Re1
{[%emt 00:04:34] [%clk 00:29:39]} Rxe1+ {[%emt 00:01:57] [%clk 00:25:08]} Qxe1
{[%emt 00:00:01] [%clk 00:30:08]} Qc2 {[%emt 00:00:06] [%clk 00:25:33]} Qf1
{[%emt 00:01:17] [%clk 00:29:21]} Qxc1 {[%emt 00:00:40] [%clk 00:25:23]} Qxc1
{[%emt 00:00:18] [%clk 00:29:32]} Ne2+ {[%emt 00:00:04] [%clk 00:25:49]} Kf2
{[%emt 00:00:04] [%clk 00:29:58]} Nxc1 {[%emt 00:00:04] [%clk 00:26:15]} Ke3
{[%emt 00:00:21] [%clk 00:30:06]} Nxa2 {[%emt 00:00:05] [%clk 00:26:40]}

[Site "Europe Echecs"]

[Event "Cannes - Festival International des Jeux"]
[Date "2026.02.23"]
[White "Nogerbek, Kazybek"]
[Black "Avanesyan, Davit"]
[WhiteElo "2539"]
[BlackElo "2180"]
[Round "1.1.3"]
[Result "1-0"]

d4 {[%emt 00:10:24] [%clk 01:20:34]} Nf6 {[%emt 00:00:06] [%clk 01:30:55]} c4
{[%emt 00:00:08] [%clk 01:20:56]} g6 {[%emt 00:00:05] [%clk 01:31:21]} Nc3
{[%emt 00:00:05] [%clk 01:21:20]} Bg7 {[%emt 00:00:05] [%clk 01:31:45]} e4
{[%emt 00:00:04] [%clk 01:21:46]} d6 {[%emt 00:00:03] [%clk 01:32:13]} Nf3
{[%emt 00:00:06] [%clk 01:22:10]} O-O {[%emt 00:00:04] [%clk 01:32:39]} Be2
{[%emt 00:00:05] [%clk 01:22:35]} e5 {[%emt 00:00:03] [%clk 01:33:06]} O-O
{[%emt 00:00:07] [%clk 01:22:58]} Nc6 {[%emt 00:00:03] [%clk 01:33:34]} d5
{[%emt 00:00:06] [%clk 01:23:22]} Ne7 {[%emt 00:00:09] [%clk 01:33:55]} b4
{[%emt 00:00:05] [%clk 01:23:47]} a5 {[%emt 00:00:07] [%clk 01:34:19]} bxa5
{[%emt 00:00:04] [%clk 01:24:13]} c5 {[%emt 00:00:37] [%clk 01:34:12]} a4 {[%emt
00:00:08] [%clk 01:24:34]} Rxa5 {[%emt 00:05:43] [%clk 01:28:59]} Ra3 {[%emt
00:01:02] [%clk 01:24:03]} h6 {[%emt 00:00:46] [%clk 01:28:42]} Bd2 {[%emt
00:14:41] [%clk 01:09:52]} Nh7 {[%emt 00:04:11] [%clk 01:25:00]} Qc1 {[%emt
00:02:46] [%clk 01:07:36]} g5 {[%emt 00:01:06] [%clk 01:24:25]} h3 {[%emt
00:03:21] [%clk 01:04:44]} f5 {[%emt 00:05:08] [%clk 01:19:48]} exf5 {[%emt
00:01:09] [%clk 01:04:04]} Bxf5 {[%emt 00:00:15] [%clk 01:20:03]} Nh2 {[%emt
00:03:12] [%clk 01:01:19]} Nf6 {[%emt 00:10:46] [%clk 01:09:49]} Ng4 {[%emt
00:00:58] [%clk 01:00:51]} Ra6 {[%emt 00:05:17] [%clk 01:05:03]} Nxf6+ {[%emt
00:03:38] [%clk 00:57:42]} Bxf6 {[%emt 00:03:38] [%clk 01:01:55]} Re1 {[%emt
00:01:59] [%clk 00:56:13]} Bg7 {[%emt 00:03:15] [%clk 00:59:11]} Bg4 {[%emt
00:03:48] [%clk 00:52:54]} Qd7 {[%emt 00:05:02] [%clk 00:54:40]} Qd1 {[%emt
00:00:41] [%clk 00:52:42]} Ng6 {[%emt 00:04:06] [%clk 00:51:04]} Ne4 {[%emt
00:03:41] [%clk 00:49:31]} Nf4 {[%emt 00:13:04] [%clk 00:38:31]} Bxf5 {[%emt
00:05:19] [%clk 00:44:41]} Qxf5 {[%emt 00:00:37] [%clk 00:38:24]} a5 {[%emt
00:02:07] [%clk 00:43:05]} Rf7 {[%emt 00:08:08] [%clk 00:30:46]} Qg4 {[%emt
00:01:39] [%clk 00:41:54]} Qg6 {[%emt 00:05:08] [%clk 00:26:09]} Rb3 {[%emt
00:00:47] [%clk 00:41:37]} Ra8 {[%emt 00:04:36] [%clk 00:22:04]} Rb6 {[%emt
00:02:15] [%clk 00:39:52]} Rd8 {[%emt 00:01:19] [%clk 00:21:15]} Bxf4 {[%emt
00:00:46] [%clk 00:39:35]} exf4 {[%emt 00:01:03] [%clk 00:20:42]} Qe6 {[%emt
00:00:30] [%clk 00:39:35]} Kh7 {[%emt 00:02:49] [%clk 00:18:24]} Qxg6+ {[%emt
00:00:10] [%clk 00:39:55]} Kxg6 {[%emt 00:00:06] [%clk 00:18:49]} Nxd6 {[%emt
00:00:14] [%clk 00:40:10]}

[Site "Europe Echecs"]

[Event "Cannes - Festival International des Jeux"]
[Date "2026.02.23"]
[White "Hanriot, Frederik"]
[Black "Cicerale Mariani, Pascal"]
[WhiteElo "1684"]
[BlackElo "1503"]
[Round "1.1.4"]
[Result "1-0"]

d4 {[%emt 00:00:05] [%clk 01:30:48]} Nf6 {[%emt 00:00:16]} Nf3 {[%emt 00:00:07]
[%clk 01:31:13]} d5 {[%emt 00:00:41] [%clk 01:30:37]} Bf4 {[%emt 00:00:06] [%clk
01:31:36]} Bg4 {[%emt 00:01:21] [%clk 01:29:46]} Ne5 {[%emt 00:00:24] [%clk
01:31:42]} Be6 {[%emt 00:01:16]} e3 {[%emt 00:01:31] [%clk 01:30:42]} Nc6 {[%emt
00:02:21]} Bb5 {[%emt 00:00:31] [%clk 01:30:41]} Bd7 {[%emt 00:00:45] [%clk
01:26:54]} Nxd7 {[%emt 00:03:19] [%clk 01:27:49]} Nxd7 {[%emt 00:00:12] [%clk
01:27:13]} c4 {[%emt 00:01:01]} e6 {[%emt 00:02:46]} O-O {[%emt 00:00:49]} Be7
{[%emt 00:03:16]} cxd5 {[%emt 00:00:16] [%clk 01:27:16]} exd5 {[%emt 00:00:27]}
Nc3 {[%emt 00:00:07]} a6 {[%emt 00:03:43]} Be2 {[%emt 00:00:35]} Nf6 {[%emt
00:01:34]} Bf3 {[%emt 00:00:27] [%clk 01:27:44]} Bd6 {[%emt 00:02:24]} Bg5
{[%emt 00:00:47] [%clk 01:27:27]} h6 {[%emt 00:00:59] [%clk 01:14:28]} Bxf6
{[%emt 00:00:46]} Qxf6 {[%emt 00:00:14]} Nxd5 {[%emt 00:00:15] [%clk 01:27:27]}
Qh4 {[%emt 00:04:53] [%clk 01:11:41]} g3 {[%clk 01:27:54]} Qh3 {[%emt 00:00:02]
[%clk 01:11:13]} Bg4 {[%clk 01:28:06]} Qxf1+ {[%emt 00:03:19] [%clk 01:07:48]}
Kxf1 {[%emt 00:00:25]} O-O {[%emt 00:01:22]} a3 {[%emt 00:00:35]} a5 {[%emt
00:01:07]} Rc1 {[%emt 00:00:36] [%clk 01:28:01]} Nd8 {[%emt 00:04:44] [%clk
01:02:03]} e4 {[%emt 00:01:48] [%clk 01:26:44]} f6 {[%emt 00:01:27] [%clk
01:01:35]} Qb3 {[%emt 00:03:34] [%clk 01:23:42]} Kh8 {[%emt 00:00:44] [%clk
01:01:15]} Bf5 {[%emt 00:01:31] [%clk 01:22:47]} Nc6 {[%emt 00:03:34] [%clk
00:58:00]} Rd1 {[%emt 00:02:49]} a4 {[%emt 00:02:46]} Qf3 {[%emt 00:02:27]} Na5
{[%emt 00:03:37]} Qh5 {[%emt 00:00:24] [%clk 01:18:57]} Kg8 {[%emt 00:01:16]}
Qg6 {[%emt 00:00:15] [%clk 01:19:13]} Rfd8 {[%emt 00:02:00] [%clk 00:50:10]}
Nxf6+ {[%emt 00:04:21] [%clk 01:15:23]} Kf8 {[%emt 00:00:39] [%clk 00:49:58]}
Nh7+ {[%emt 00:00:16] [%clk 01:15:40]} Kg8 {[%emt 00:00:46] [%clk 00:49:40]}
Nf6+ {[%emt 00:03:30]} Kf8 {[%emt 00:00:40]} Nh5 {[%emt 00:00:18] [%clk
01:12:57]} Ke7 {[%emt 00:01:46]} Qxg7+ {[%emt 00:00:25] [%clk 01:13:03]} Ke8
{[%emt 00:00:44] [%clk 00:47:56]} Nf6# {[%emt 00:00:07] [%clk 01:12:56]}

[Site "Europe Echecs"]

[Event "Cannes - Festival International des Jeux"]
[Date "2026.02.23"]
[White "Ratier-Fontana, Matteo"]
[Black "Pichouron, Eric"]
[WhiteElo "2189"]
[BlackElo "1810"]
[Round "1.1.5"]
[Result "1-0"]

Nf3 {[%emt 00:06:58] [%clk 01:24:01]} e6 {[%emt 00:00:12] [%clk 01:30:49]} d4
{[%emt 00:00:27] [%clk 01:24:03]} d5 {[%emt 00:00:20] [%clk 01:30:59]} Bf4
{[%emt 00:00:06] [%clk 01:24:27]} Nf6 {[%emt 00:00:35] [%clk 01:30:54]} e3
{[%emt 00:00:22] [%clk 01:24:35]} Bd6 {[%emt 00:03:16] [%clk 01:28:08]} Bg3
{[%emt 00:00:21] [%clk 01:24:44]} b6 {[%emt 00:01:38] [%clk 01:27:00]} Nbd2
{[%emt 00:04:36] [%clk 01:20:37]} c5 {[%emt 00:03:31] [%clk 01:24:00]} Bb5+
{[%emt 00:01:53] [%clk 01:19:13]} Bd7 {[%emt 00:14:17] [%clk 01:10:58]} Bxd6
{[%clk 01:06:01]} Bxb5 {[%emt 00:14:14] [%clk 01:10:11]} dxc5 {[%emt 00:00:20]
[%clk 01:06:11]} Na6 {[%emt 00:12:49] [%clk 00:57:53]} a4 {[%emt 00:04:45] [%clk
01:01:57]} Bd7 {[%emt 00:01:37] [%clk 00:56:45]} cxb6 {[%emt 00:03:18] [%clk
00:59:09]} Qxb6 {[%emt 00:00:32] [%clk 00:56:42]} Ba3 {[%emt 00:01:49] [%clk
00:57:50]} Bxa4 {[%emt 00:12:46] [%clk 00:44:26]} O-O {[%emt 00:05:20] [%clk
00:53:00]} Rc8 {[%emt 00:06:52] [%clk 00:38:05]} b3 {[%emt 00:00:18] [%clk
00:53:13]} Bc6 {[%emt 00:08:07] [%clk 00:30:28]} c4 {[%emt 00:02:17] [%clk
00:51:26]} Ba8 {[%emt 00:00:13] [%clk 00:30:45]} cxd5 {[%emt 00:00:47] [%clk
00:51:09]} exd5 {[%emt 00:00:38] [%clk 00:30:37]} Nd4 {[%emt 00:01:34] [%clk
00:50:05]} Nc5 {[%emt 00:01:19] [%clk 00:29:50]} Rc1 {[%emt 00:02:29] [%clk
00:48:05]} O-O {[%emt 00:02:26] [%clk 00:27:53]} Qc2 {[%emt 00:01:01] [%clk
00:47:35]} Nfd7 {[%emt 00:00:14] [%clk 00:28:09]} b4 {[%emt 00:05:14] [%clk
00:42:51]} Qa6 {[%emt 00:01:22] [%clk 00:27:16]} bxc5 {[%emt 00:00:04] [%clk
00:43:16]} Qxa3 {[%emt 00:00:05] [%clk 00:27:41]} N2b3 {[%emt 00:00:03] [%clk
00:43:43]} Qa6 {[%emt 00:01:45] [%clk 00:26:26]} Qf5 {[%emt 00:02:47] [%clk
00:41:26]} Bc6 {[%emt 00:02:35] [%clk 00:24:21]} Ra1 {[%emt 00:00:21] [%clk
00:41:35]} Qb7 {[%emt 00:00:05] [%clk 00:24:47]} Na5 {[%emt 00:00:06] [%clk
00:41:59]}

[Site "Europe Echecs"]

[Event "Cannes - Festival International des Jeux"]
[Date "2026.02.24"]
[White "Dessyn, Timothee"]
[Black "Adhiban, B."]
[WhiteElo "2291"]
[BlackElo "2557"]
[Round "2.2.1"]
[Result "1-0"]

d4 {[%emt 00:00:03] [%clk 01:30:56]} d5 {[%emt 00:00:04] [%clk 01:30:56]} c4
{[%emt 00:00:06] [%clk 01:31:20]} e6 {[%emt 00:00:04] [%clk 01:31:22]} Nf3
{[%emt 00:00:05] [%clk 01:31:45]} Bb4+ {[%emt 00:00:03] [%clk 01:31:49]} Nbd2
{[%emt 00:00:53] [%clk 01:31:22]} dxc4 {[%emt 00:00:56] [%clk 01:31:22]} a3
{[%emt 00:03:16] [%clk 01:28:36]} Bxd2+ {[%emt 00:00:17] [%clk 01:31:35]} Bxd2
{[%emt 00:00:26] [%clk 01:28:39]} b5 {[%emt 00:07:49] [%clk 01:24:17]} e3 {[%emt
00:15:39] [%clk 01:13:30]} c6 {[%emt 00:02:32] [%clk 01:22:15]} b3 {[%emt
00:01:19] [%clk 01:12:42]} cxb3 {[%emt 00:03:32] [%clk 01:19:13]} Qxb3 {[%emt
00:00:34] [%clk 01:12:37]} a5 {[%emt 00:02:30] [%clk 01:17:13]} Bd3 {[%emt
00:05:45] [%clk 01:07:22]} Ne7 {[%emt 00:02:24] [%clk 01:15:19]} O-O {[%emt
00:12:00] [%clk 00:55:53]} Nd7 {[%emt 00:08:26] [%clk 01:07:23]} Rac1 {[%emt
00:02:32] [%clk 00:53:50]} Bb7 {[%emt 00:03:18] [%clk 01:04:35]} e4 {[%emt
00:03:22] [%clk 00:50:58]} h6 {[%emt 00:06:13] [%clk 00:58:53]} Ne5 {[%emt
00:10:40] [%clk 00:40:48]} O-O {[%emt 00:09:26] [%clk 00:49:56]} Be3 {[%emt
00:01:23] [%clk 00:39:56]} Kh8 {[%emt 00:08:21] [%clk 00:42:06]} f4 {[%emt
00:07:02] [%clk 00:33:24]} Qe8 {[%emt 00:00:58] [%clk 00:41:38]} Bb1 {[%emt
00:09:41] [%clk 00:24:12]} Nf6 {[%emt 00:02:38] [%clk 00:39:30]} Rc5 {[%emt
00:00:52] [%clk 00:23:50]} Nd7 {[%emt 00:01:44] [%clk 00:38:16]} Nxd7 {[%emt
00:04:52] [%clk 00:19:28]} Qxd7 {[%emt 00:00:04] [%clk 00:38:42]} e5 {[%emt
00:05:17] [%clk 00:14:41]} f5 {[%emt 00:17:55] [%clk 00:21:18]} exf6 {[%emt
00:00:18] [%clk 00:14:53]} Rxf6 {[%emt 00:00:04] [%clk 00:21:44]} d5 {[%emt
00:03:34] [%clk 00:11:49]} Nf5 {[%emt 00:11:54] [%clk 00:10:20]} Qc2 {[%emt
00:03:12] [%clk 00:09:08]} Bc8 {[%emt 00:09:05] [%clk 00:01:45]} dxc6 {[%emt
00:01:53] [%clk 00:07:45]} Qe8 {[%emt 00:00:51] [%clk 00:01:24]} Bd4 {[%emt
00:01:56] [%clk 00:06:19]} Rg6 {[%emt 00:00:51] [%clk 00:01:03]} Kh1 {[%emt
00:00:38] [%clk 00:06:11]} h5 {[%emt 00:00:39] [%clk 00:00:54]} Qe2 {[%emt
00:02:27] [%clk 00:04:13]} Qf7 {[%emt 00:00:21] [%clk 00:01:03]} Qxh5+ {[%emt
00:01:13] [%clk 00:03:30]} Kg8 {[%emt 00:00:01] [%clk 00:01:32]} Bxf5 {[%emt
00:00:22] [%clk 00:03:37]} exf5 {[%emt 00:00:05] [%clk 00:01:57]} Qh4 {[%emt
00:01:06] [%clk 00:03:02]} Be6 {[%emt 00:00:24] [%clk 00:02:03]} c7 {[%emt
00:00:17] [%clk 00:03:15]} Qd7 {[%emt 00:01:04] [%clk 00:01:29]} Qh5 {[%emt
00:03:01] [%clk 00:00:44]} Rg4 {[%emt 00:01:00] [%clk 00:00:58]} Bg1 {[%emt
00:00:43] [%clk 00:00:32]} Bd5 {[%emt 00:00:49] [%clk 00:00:39]} Rf2 {[%clk
00:01:01]} g6 {[%emt 00:00:32] [%clk 00:00:37]} Qh6 {[%emt 00:00:23] [%clk
00:01:08]} Bb7 {[%emt 00:00:35] [%clk 00:00:32]} h3 {[%emt 00:00:16] [%clk
00:01:22]} Rg3 {[%emt 00:00:01] [%clk 00:01:01]} Kh2 {[%emt 00:00:05] [%clk
00:01:47]} Qd3 {[%emt 00:00:12] [%clk 00:01:19]} Qh4 {[%emt 00:00:24] [%clk
00:01:52]} Re3 {[%emt 00:00:01] [%clk 00:01:48]} Qg5 {[%emt 00:01:05] [%clk
00:01:17]} Kf7 {[%emt 00:01:34] [%clk 00:00:44]} Rfc2 {[%emt 00:00:46] [%clk
00:01:01]} Re2 {[%emt 00:00:39] [%clk 00:00:35]} Rxe2 {[%emt 00:01:29] [%clk
00:30:32]} Qxe2 {[%emt 00:00:06] [%clk 00:31:29]} Re5 {[%emt 00:00:25] [%clk
00:30:37]}

[Site "Europe Echecs"]

[Event "Cannes - Festival International des Jeux"]
[Date "2026.02.24"]
[White "Laurent-Paoli, Pierre"]
[Black "Aarav Sarbalia"]
[WhiteElo "2539"]
[BlackElo "2283"]
[Round "2.2.2"]
[Result "1-0"]

d4 {[%emt 00:10:17] [%clk 01:20:42]} Nf6 {[%emt 00:00:19] [%clk 01:30:41]} c4
{[%emt 00:00:31] [%clk 01:20:41]} e6 {[%emt 00:00:12] [%clk 01:30:59]} Nc3
{[%emt 00:02:04] [%clk 01:19:08]} Bb4 {[%emt 00:00:15] [%clk 01:31:14]} e3
{[%emt 00:00:05] [%clk 01:19:33]} O-O {[%emt 00:00:15] [%clk 01:31:28]} a3
{[%emt 00:00:04] [%clk 01:19:59]} Bxc3+ {[%emt 00:00:13] [%clk 01:31:45]} bxc3
{[%emt 00:00:06] [%clk 01:20:22]} Nc6 {[%emt 00:00:27] [%clk 01:31:48]} f3
{[%emt 00:00:39] [%clk 01:20:13]} b6 {[%emt 00:05:06] [%clk 01:27:12]} e4 {[%emt
00:00:05] [%clk 01:20:37]} d6 {[%emt 00:00:49] [%clk 01:26:54]} Bg5 {[%emt
00:06:05] [%clk 01:15:01]} Ba6 {[%emt 00:09:09] [%clk 01:18:16]} Bd3 {[%emt
00:05:03] [%clk 01:10:27]} e5 {[%emt 00:16:31] [%clk 01:02:16]} Ne2 {[%emt
00:02:38] [%clk 01:08:19]} Na5 {[%emt 00:00:54] [%clk 01:01:52]} O-O {[%emt
00:03:02] [%clk 01:05:46]} h6 {[%emt 00:08:32] [%clk 00:53:51]} Bh4 {[%emt
00:02:53] [%clk 01:03:23]} Bxc4 {[%emt 00:04:57] [%clk 00:49:23]} f4 {[%emt
00:11:48] [%clk 00:52:05]} exf4 {[%emt 00:09:09] [%clk 00:40:44]} Nxf4 {[%emt
00:08:32] [%clk 00:44:03]} g5 {[%emt 00:16:30] [%clk 00:24:44]} Bg3 {[%emt
00:02:39] [%clk 00:41:54]} Qe7 {[%emt 00:05:40] [%clk 00:19:34]} e5 {[%emt
00:19:21] [%clk 00:23:03]} dxe5 {[%emt 00:05:20] [%clk 00:14:45]} dxe5 {[%emt
00:05:52] [%clk 00:17:42]} Qxe5 {[%emt 00:06:29] [%clk 00:08:46]} Bxc4 {[%emt
00:10:42] [%clk 00:07:30]} gxf4 {[%emt 00:01:53] [%clk 00:07:23]} Rxf4 {[%emt
00:01:04] [%clk 00:06:56]} Nxc4 {[%emt 00:00:25] [%clk 00:07:28]} Rxc4 {[%emt
00:00:41] [%clk 00:06:44]} Qe6 {[%emt 00:01:10] [%clk 00:06:47]} Rh4 {[%emt
00:01:31] [%clk 00:05:43]} Ne4 {[%emt 00:01:31] [%clk 00:05:47]} Bf4 {[%emt
00:02:45] [%clk 00:03:28]} Nxc3 {[%emt 00:02:26] [%clk 00:03:51]} Qg4+ {[%emt
00:01:43] [%clk 00:02:15]} Qg6 {[%emt 00:03:34] [%clk 00:00:47]} Qf3 {[%emt
00:00:47] [%clk 00:01:58]} Qf6 {[%emt 00:00:19] [%clk 00:00:57]} Qg4+ {[%emt
00:01:13] [%clk 00:01:15]} Qg6 {[%emt 00:00:13] [%clk 00:01:15]} Qf3 {[%emt
00:00:02] [%clk 00:01:44]} Qf6 {[%emt 00:00:12] [%clk 00:01:32]} Qg3+ {[%emt
00:00:42] [%clk 00:01:32]} Kh7 {[%emt 00:00:53] [%clk 00:01:09]} Re1 {[%emt
00:00:51] [%clk 00:01:10]} Qg7 {[%emt 00:01:01] [%clk 00:00:38]} Qxg7+ {[%emt
00:00:41] [%clk 00:00:59]} Kxg7 {[%emt 00:00:05] [%clk 00:01:04]} Be5+ {[%emt
00:00:04] [%clk 00:01:25]} Kh7 {[%emt 00:00:51] [%clk 00:00:43]} Bxc3 {[%emt
00:00:05] [%clk 00:01:50]} Rad8 {[%emt 00:00:31] [%clk 00:00:41]} Re7 {[%emt
00:00:37] [%clk 00:01:43]} c5 {[%emt 00:00:34] [%clk 00:00:37]} Rxa7 {[%emt
00:00:36] [%clk 00:01:38]} Rd3 {[%emt 00:00:27] [%clk 00:00:38]} Rh3 {[%emt
00:00:22] [%clk 00:01:46]} Rd1+ {[%emt 00:00:36] [%clk 00:00:33]} Kf2 {[%emt
00:00:05] [%clk 00:02:11]} b5 {[%emt 00:00:27] [%clk 00:00:36]} Ra6 {[%emt
00:00:55] [%clk 00:01:45]} f6 {[%emt 00:00:17] [%clk 00:00:49]} Rc6 {[%emt
00:00:39] [%clk 00:01:37]} c4 {[%emt 00:00:20] [%clk 00:00:59]} Rc7+ {[%emt
00:00:28] [%clk 00:01:39]} Kg6 {[%emt 00:00:14] [%clk 00:01:15]} Rg3+ {[%emt
00:00:06] [%clk 00:02:03]} Kf5 {[%emt 00:00:27] [%clk 00:01:18]} Rc5+ {[%emt
00:00:05] [%clk 00:02:28]}

[Site "Europe Echecs"]